MARC details
| 000 -CABECERA |
| campo de control de longitud fija |
01174nam a2200301Ia 4500 |
| 001 - NÚMERO DE CONTROL |
| campo de control |
1040 |
| 008 - DATOS DE LONGITUD FIJA--INFORMACIÓN GENERAL |
| campo de control de longitud fija |
230305s1995 xx 000 0 und d |
| 020 ## - NÚMERO INTERNACIONAL ESTÁNDAR DEL LIBRO |
| Número Internacional Estándar del Libro |
9788488099082 |
| 040 ## - FUENTE DE LA CATALOGACIÓN |
| Centro/agencia transcriptor |
tbs |
| 041 ## - CÓDIGO DE LENGUA |
| Código de lengua del texto/banda sonora o título independiente |
spa |
| 245 #0 - MENCIÓN DE TÍTULO |
| Título |
Ética y progreso económico |
| 260 ## - PUBLICACIÓN, DISTRIBUCIÓN, ETC. |
| Nombre del editor, distribuidor, etc. |
Caja de Ahorros y Pensiones de Barcelona, |
| Fecha de publicación, distribución, etc. |
1995 |
| 300 ## - DESCRIPCIÓN FÍSICA |
| Extensión |
105 p. ; 23 cm |
| 490 ## - MENCIÓN DE SERIE |
| Mención de serie |
Estudios e Informes; |
| Designación de volumen o secuencia |
3 |
| 505 ## - NOTA DE CONTENIDO CON FORMATO |
| Nota de contenido con formato |
Incluye la trascripción y traducción al español de la conferencia 'Perspectivas para las limitaciones constitucionales de los déficits presupuestarios', pronunciada en el Auditorio de la sede social de 'La Caixa' en Barcelona (1987). |
| 590 ## - NOTA LOCAL (RLIN) |
| Procedencia (VM) [OBSOLETO] |
Vista previa disponible en Google Books (enlace) |
| 650 ## - PUNTO DE ACCESO ADICIONAL DE MATERIA--TÉRMINO DE MATERIA |
| Término de materia o nombre geográfico como elemento de entrada |
Ética profesional |
| 9 (RLIN) |
5053 |
| 650 ## - PUNTO DE ACCESO ADICIONAL DE MATERIA--TÉRMINO DE MATERIA |
| Término de materia o nombre geográfico como elemento de entrada |
Trabajo |
| 9 (RLIN) |
4351 |
| 650 ## - PUNTO DE ACCESO ADICIONAL DE MATERIA--TÉRMINO DE MATERIA |
| Término de materia o nombre geográfico como elemento de entrada |
Ahorro |
| 9 (RLIN) |
1365 |
| 650 ## - PUNTO DE ACCESO ADICIONAL DE MATERIA--TÉRMINO DE MATERIA |
| Término de materia o nombre geográfico como elemento de entrada |
Crecimiento económico |
| 9 (RLIN) |
1364 |
| 650 ## - PUNTO DE ACCESO ADICIONAL DE MATERIA--TÉRMINO DE MATERIA |
| Término de materia o nombre geográfico como elemento de entrada |
Teoría económica. |
| 9 (RLIN) |
1348 |
| 700 ## - ENTRADA AGREGADA--NOMBRE PERSONAL |
| Nombre de persona |
Buchanan, James M. |
| Término indicativo de función/relación |
Author |
| 9 (RLIN) |
21008 |
| 856 ## - LOCALIZACIÓN Y ACCESO ELECTRÓNICOS |
| Identificador Uniforme del Recurso |
<a href="http://books.google.es/books?id=FkDVs7BfQm8C&printsec=frontcover&dq=8488099088&hl=es&sa=X&ei=Ngu9T4GdM-ec0QXAuZgq&redir_esc=y#v=onepage&q&f=false">http://books.google.es/books?id=FkDVs7BfQm8C&printsec=frontcover&dq=8488099088&hl=es&sa=X&ei=Ngu9T4GdM-ec0QXAuZgq&redir_esc=y#v=onepage&q&f=false</a> |
| 902 ## - ELEMENTOS DE DATOS B LOCAL, LDB (RLIN) |
| a |
555 |
| 905 ## - ELEMENTOS DE DATOS E LOCAL, LDE (RLIN) |
| a |
m |
| 942 ## - ELEMENTOS DE ENTRADA AGREGADA (KOHA) |
| Código de la institución [OBSOLETO] |
1 |
| Fuente del sistema de clasificación o colocación |
Clasificación Decimal Dewey |